Genetics /

Bewaard in:
Bibliografische gegevens
Hoofdauteur: Herskowitz, Irwin H.
Formaat: Sách giấy
Taal:English
Gepubliceerd in: Toronto : Little, Brown, 1962
Tags: Voeg label toe
Geen labels, Wees de eerste die dit record labelt!
Thư viện lưu trữ: Thư viện Trường Đại học Đà Lạt
LEADER 00520nam a2200229 4500
001 DLU020000649
005 ##12/25/1998
041 # # |a eng 
082 # # |a 576.5  |b HE-I 
100 # # |a Herskowitz, Irwin H. 
245 # # |a Genetics /  |c Irwin H. Herskowitz  
260 # # |a Toronto :  |b Little, Brown,  |c 1962 
300 # # |a X, 543 tr.;  |c 25 cm. 
992 # # |a 10000 
994 # # |a DLU 
900 # # |a False 
911 # # |a Administrator 
925 # # |a G 
926 # # |a A 
927 # # |a SH 
980 # # |a Thư viện Trường Đại học Đà Lạt